Олигомеризация фракции С9 под действием трихлор(2-хлорпропокси)титана в растворе толуола; Известия Томского политехнического университета [Известия ТПУ]; Т. 318, № 3 : Химия

Podrobná bibliografie
Parent link:Известия Томского политехнического университета [Известия ТПУ]/ Томский политехнический университет (ТПУ).— , 2000-
Т. 318, № 3 : Химия.— 2011.— [С. 89-91]
Další autoři: Петухова А. В. Анна Владимировна, Ионова Е. И. Елена Ивановна, Ляпков А. А. Алексей Алексеевич, Петренко Т. В.
Shrnutí:Заглавие с титульного листа
Электронная версия печатной публикации
Методом адиабатической термометрии исследована кинетика процесса олигомеризации фракции С9 под действием трихлор(2-хлорпропокси)титана. Определены значения наблюдаемых констант олигомеризации фракции С9 и тепловыделение в системе. Проведен анализ свойств покрытий на основе полученных олигомеров.
Jazyk:ruština
Vydáno: 2011
Edice:Химия
Témata:
On-line přístup:http://www.lib.tpu.ru/fulltext/v/Bulletin_TPU/2011/v318/i3/18.pdf
Médium: MixedMaterials Elektronický zdroj Kapitola
KOHA link:https://koha.lib.tpu.ru/cgi-bin/koha/opac-detail.pl?biblionumber=198760

MARC

LEADER 00000nla2a2200000 4500
001 198760
005 20240122135457.0
035 |a (RuTPU)RU\TPU\book\216772 
035 |a RU\TPU\book\216771 
090 |a 198760 
100 |a 20110707d2011 k y0rusy50 ca 
101 0 |a rus 
102 |a RU 
135 |a drnn ---uucaa 
181 0 |a i  
182 0 |a b 
200 1 |a Олигомеризация фракции С9 под действием трихлор(2-хлорпропокси)титана в растворе толуола  |f А. В. Петухова [и др.] 
203 |a Текст  |c электронный 
215 |a 1 файл (398 Кб) 
225 1 |a Химия 
300 |a Заглавие с титульного листа 
300 |a Электронная версия печатной публикации 
320 |a [Библиогр.: с. 91 (9 назв.)] 
330 |a Методом адиабатической термометрии исследована кинетика процесса олигомеризации фракции С9 под действием трихлор(2-хлорпропокси)титана. Определены значения наблюдаемых констант олигомеризации фракции С9 и тепловыделение в системе. Проведен анализ свойств покрытий на основе полученных олигомеров. 
337 |a Adobe Reader 
461 1 |0 (RuTPU)RU\TPU\book\176237  |t Известия Томского политехнического университета [Известия ТПУ]  |f Томский политехнический университет (ТПУ)  |d 2000- 
463 1 |0 (RuTPU)RU\TPU\book\216295  |y 1684-8519  |t Т. 318, № 3 : Химия  |v [С. 89-91]  |d 2011  |p 164 с. 
610 1 |a жидкие продукты пиролиза 
610 1 |a нефтеполимерные смолы 
610 1 |a фракция С9 
610 1 |a комплексные катализаторы 
610 1 |a трихлориды 
610 1 |a титан 
610 1 |a олигомеризация 
610 1 |a адиабатические установки 
610 1 |a термометрический метод 
610 1 |a константы 
610 1 |a скорость 
610 1 |a тепловые эффекты 
610 1 |a труды учёных ТПУ 
610 1 |a электронный ресурс 
701 1 |a Петухова  |b А. В.  |c химик  |c магистрант Томского политехнического университета  |f 1987-  |g Анна Владимировна  |3 (RuTPU)RU\TPU\pers\28562 
701 1 |a Ионова  |b Е. И.  |c российский химик-органик  |c ассистент Томского политехнического университета  |f 1980-  |g Елена Ивановна  |3 (RuTPU)RU\TPU\pers\25488 
701 1 |a Ляпков  |b А. А.  |c химик-технолог  |c доцент Томского политехнического университета, кандидат химических наук  |f 1958-  |g Алексей Алексеевич  |3 (RuTPU)RU\TPU\pers\25490  |9 11427 
701 1 |a Петренко  |b Т. В. 
801 1 |a RU  |b 63413507  |c 20090623  |g PSBO 
801 2 |a RU  |b 63413507  |c 20130909  |g PSBO 
856 4 |u http://www.lib.tpu.ru/fulltext/v/Bulletin_TPU/2011/v318/i3/18.pdf 
942 |c CF